|
|
|
|
| LEADER |
00000cam a2200000 a 4500 |
| 001 |
92992 |
| 005 |
20240326151027.0 |
| 008 |
000000|1948 ||||||||r|||||||||||spa|| |
| 040 |
|
|
|b spa
|
| 041 |
1 |
|
|a spa
|
| 082 |
0 |
|
|a 341
|
| 100 |
1 |
|
|a Alvarado, Rafael.
|9 8370
|
| 245 |
|
|
|a Memorandum sobre el problema fronterizo entre el Ecuador y el Perú en el sector Lagartococha Güepí
|c Rafael Alvarado
|h imp
|
| 264 |
|
|
|a Quito
|b Impáginas: de la Universidad Central
|c 1948
|
| 300 |
|
|
|a 74 páginas:
|c 21 cm
|
| 500 |
|
|
|a Tomado de anales nos. 328-329
|
| 650 |
1 |
0 |
|a Limites Ecuador Perú.
|9 7990
|
| 852 |
|
|
|a UC-CDJBV
|c ESTANTERIA CERRADA
|f Donación
|k margarita.gutierrez
|l 1
|m General
|p 00000000
|q 3,00
|r 2
|t 92992
|b 0
|d CDRC
|e CDRC
|g 341 ESTANTERIA CERRADA
|z 0000-00-00
|
| 942 |
|
|
|c BK
|
| 999 |
|
|
|c 63819
|d 63819
|